000 00748nam a2200241Ia 4500
005 20250508163842.0
008 008 250505s9999 xx 000 0 eng d
020 _a0-7507-0864-6
037 _aReference
040 _aFEDL
_beng
_cFEDL
041 _aeng
_2eng
084 _a371.207, BAS
_qFEDL
100 _aBascia Nina Ed.
_9776559
245 0 _aSharp edge of educational change: Teaching leadingj and the realities of reform
260 _aLondon, UK
_bRoutledge Falmer
_c2000
300 _axii,244p
365 _aGBP
_b17.99
490 _aEducational change and development series
650 _aSchool management
700 _a Hargreaves Andy Ed.
_9776560
942 _cREF
_h371.207, BAS
999 _c1385610
_d1385610